Annual report of the superintendent of the Geodetic Survey of Canada for the fiscal year ending ... (Record no. 179825)

MARC details
000 -LEADER
campo de control de longitud fija 00880nas a2200229 i 4500
001 - NÚMERO DE CONTROL
campo de control 179825
003 - IDENTIFICADOR DE NÚMERO DE CONTROL
campo de control ES-MaACL
005 - FECHA Y HORA DE LA ÚLTIMA TRANSACCIÓN
campo de control 20250217134903.0
008 - DATOS DE LONGITUD FIJA--INFORMACIÓN GENERAL
campo de control de longitud fija 120130q19201922xxca| | ||ng d
110 2# - ENTRADA PRINCIPAL--NOMBRE DE ENTIDAD CORPORATIVA
Nombre de entidad corporativa o nombre de jurisdicción como elemento de entrada Geodetic Survey of Canada.
9 (RLIN) 149241
245 10 - MENCIÓN DEL TÍTULO
Título Annual report of the superintendent of the Geodetic Survey of Canada for the fiscal year ending ...
260 ## - PUBLICACIÓN, DISTRIBUCIÓN, ETC.
Lugar de publicación, distribución, etc. Ottawa :
Nombre del editor, distribuidor, etc. Department of the Interior, Geodetic Survey of Canada,
Fecha de publicación, distribución, etc. [19---1922]
300 ## - DESCRIPCIÓN FÍSICA
Extensión 1 vol. (56 p., 1 h. lám., graf. pleg. :
Otras características físicas il.) ;
Dimensiones 25 cm.
310 ## - PERIODICIDAD ACTUAL
Periodicidad actual Anual
362 0# - FECHAS DE PUBLICACIÓN Y/O DESIGNACIÓN SECUENCIAL
Fecha de publicación y/o designación secuencial [19---1922]
594 ## - Nota al título y mención de responsabilidad
Nota al título y mención de responsabilidad En portada: Rome, The International Geodetic and Geophysical Union.
710 1# - ENTRADA AGREGADA--NOMBRE DE ENTIDAD CORPORATIVA
Nombre de entidad corporativa o nombre de jurisdicción como elemento de entrada Canada.
Unidad subordinada Surveys and Engineering Branch .
9 (RLIN) 149242
710 2# - ENTRADA AGREGADA--NOMBRE DE ENTIDAD CORPORATIVA
Nombre de entidad corporativa o nombre de jurisdicción como elemento de entrada The International Geodetic and Geophysical Union.
9 (RLIN) 149243
852 ## - LOCALIZACIÓN
Ubicación ES-MaACL
Número de control de estantería 1672-F-9
866 01 - MENCIÓN TEXTUAL DE FONDOS--UNIDAD BIBLIOGRÁFICA BÁSICA
Fondos 1921
Holdings
Estatus retirado Estado de pérdida Estado de daño No para préstamo Colección Biblioteca de origen Biblioteca actual Ubicación en estantería Fecha de adquisición Fuente de adquisición Total de préstamos Signatura topográfica completa Código de barras Visto por última vez Precio de reemplazo Tipo de ítem Koha
        Colección de folletos Biblioteca del Ateneo de Madrid Biblioteca del Ateneo de Madrid Depósito folletos 30/01/2012     1672-F-9 1188915 23/02/2023 23/02/2023 Folleto